| 000 | 00516nam a2200193 a 4500 | ||
|---|---|---|---|
| 001 | BRCA_6731 | ||
| 005 | 20190320205553.0 | ||
| 008 | 201011s1922----gw-#######---#000-0#ger-# | ||
| 041 | _ager | ||
| 044 | _agw | ||
| 050 | 4 |
_aPS1915 _b.J18 1922 |
|
| 100 | 1 |
_aHearn, Lafcadio _d1850-1904 _916811 |
|
| 245 | 1 | 0 |
_aDas Japanbuch _beine Auswahl aus Lafcadio Hearns Werken _cvon Lafcadio Hearn. |
| 260 |
_aFrankfurt _bRutten & Loening _c1922 |
||
| 300 |
_a310 p. _c18 cm. |
||
| 500 | _aL72 | ||
| 902 | _aGFM | ||
| 942 |
_2lcc _cB |
||
| 999 |
_c6414 _d6414 |
||